| 000 | 00706nam a22002417a 4500 | ||
|---|---|---|---|
| 001 | 23277 | ||
| 003 | UA-OsUOA | ||
| 005 | 20210810103028.0 | ||
| 007 | ta | ||
| 008 | 20040116b un ||||| |||| 00| 0 ukr d | ||
| 020 | _a966-642-148-8 | ||
| 040 |
_aUA-OsUOA _bukr _cUA-OsUOA _dUA-OsUOA |
||
| 041 | _aukr | ||
| 044 | _aUA | ||
| 080 | _a82(091)(477) | ||
| 090 |
_a82(091)(477) _bІ90 |
||
| 245 |
_aІсторія української літератури ХІХ ст. (70-90-ті роки): у 2-х книгах _bпідручник _cза ред. О.Д.Гнідан _nКн. 2 |
||
| 260 |
_aКиїв _bВища школа _c2003 |
||
| 300 | _a438 с. | ||
| 650 | 7 | _2UDC | |
| 942 |
_cBK _2udc |
||
| 955 | _a0 | ||
| 999 |
_c309522 _d309522 |
||